000 00579nam a22001817a 4500
003 UA-OsUOA
001 19537
007 ta
008 20040902b un ||||| |||| 00| 0 ukr d
100 _aКидрук І.
942 _cSA
040 _aUA-OsUOA
_cUA-OsUOA
_dUA-OsUOA
245 _aПеред новим нвчальним
_b[Стан освіти в обл. напередодні навч. року]
300 _aС.2
955 _a0
773 0 _w0
_tВісті Рівненщини
_dРівне
_d2004
_g№80/ 1 верес./
650 7 _aКраєзнавча робота
_2UDC
999 _c305708
_d305708